Игры, в которые играют..: Психологический практикум

Detalles Bibliográficos
Autor Principal: Самоукина Н. В. Наталья Васильевна
Idioma:ruso
Publicado: Дубна, Феникс, 2000
Subjects:
Formato: MixedMaterials Libro
KOHA link:https://koha.lib.tpu.ru/cgi-bin/koha/opac-detail.pl?biblionumber=25851

MARC

LEADER 00000nam0a2200000 4500
001 25851
005 20231030201216.0
010 |a 5879050254 
035 |a (RuTPU)RU\TPU\book\26089 
035 |a BOOK00026164 
090 |a 25851 
100 |a 20011209d2000 m y0rusy50 ca 
101 0 |a rus 
102 |a RU 
105 |a y j 000zy 
200 1 |a Игры, в которые играют..  |e Психологический практикум  |f Н. В. Самоукина 
210 |a Дубна  |c Феникс  |d 2000 
215 |a 126 с. 
610 1 |a психология 
610 1 |a дети 
610 1 |a школьники 
610 1 |a учителя 
610 1 |a обучение 
610 1 |a психологические игры 
610 1 |a учебные пособия 
686 |a Ю98я7  |v LBC/SL-A  |2 rubbk 
700 1 |a Самоукина  |b Н. В.  |g Наталья Васильевна 
801 0 |a RU  |b 63413507  |c 20011209  |g PSBO 
801 2 |a RU  |b 63413507  |c 20120723  |g PSBO 
942 |c BK